000 00296nam a22001337a 4500
008 180306b xxu||||| |||| 00| 0 eng d
020 _a9780140056433
041 _aeng
080 _a821
100 _a21
101 _aGJL
245 _aMyths of Greece and Rome
_cBulfinch, TH
942 _2udc
_cBK
999 _c44137
_d44137